Le petit prince : (Record no. 14269)

000 -LEADER
fixed length control field 00755cam a2200217Ia 4500
020 ## - INTERNATIONAL STANDARD BOOK NUMBER
ISBN 9782070612758
020 ## - INTERNATIONAL STANDARD BOOK NUMBER
ISBN 2070612759
040 ## - CATALOGING SOURCE
Transcribing agency DV1
082 ## - DEWEY DECIMAL CLASSIFICATION NUMBER
Classification number 843 GAL 2007 A094 Or.
100 1# - MAIN ENTRY--AUTHOR NAME
Personal name Saint-Exup©♭ry, Antoine de,
245 13 - TITLE STATEMENT
Title Le petit prince :
Remainder of title avec des aquarelles de l'auteur /
260 ## - PUBLICATION, DISTRIBUTION, ETC. (IMPRINT)
Place of publication [Paris] :
Name of publisher Gallimard,
Year of publication c2007
300 ## - PHYSICAL DESCRIPTION
Number of Pages 113 p. :
Other physical details col. ill. ;
Dimensions 18 cm
490 0# - SERIES STATEMENT
Series statement Collection Folio junior
520 ## - SUMMARY, ETC.
Summary, etc An aviator whose plane is forced down in the Sahara Desert encounters a little prince from a small planet who relates his adventures in seeking the secret of what is important in life
650 #0 - SUBJECT ADDED ENTRY--TOPICAL TERM
Topical Term Princes
650 #0 - SUBJECT ADDED ENTRY--TOPICAL TERM
Topical Term Fairy tales
650 #4 - SUBJECT ADDED ENTRY--TOPICAL TERM
Topical Term Novela francesa
650 #4 - SUBJECT ADDED ENTRY--TOPICAL TERM
Topical Term Literatura francesa
942 ## - ADDED ENTRY ELEMENTS (KOHA)
Koha item type សៀវភៅភាសាអង់គ្លេស
952 ## - LOCATION AND ITEM INFORMATION (KOHA)
Withdrawn status [LOCAL, KOHA] 0
Holdings
Permanent Location Date acquired Koha item type Lost status Shelving location Barcode Current Location Full call number
Library Block A2017-10-11សៀវភៅភាសាអង់គ្លេស A094A19110Library Block A843 GAL 2007 A094 Or.
មជ្ឈមណ្ឌលឯការនៃសាកលវិទ្យាល័យភូមិន្ទកសិកម្មចំការដូង

Powered by Koha